| 000 | 00881cab a2200241 4500 | ||
|---|---|---|---|
| 001 | WB3124-40 | ||
| 008 | 090401t1995 xxu||||| |||| 00| 0 eng d | ||
| 035 | _a(Sirsi) u9473 | ||
| 041 | _aeng | ||
| 245 | _aConsultants` associations plan merger | ||
| 260 | _c1995 | ||
| 350 | _a0 | ||
| 490 |
_aNew Builder _v(262) 16 June 1995, 5(1) |
||
| 520 | _aThe Association of Consulting Engineers, the British Consultants Bureau, the Association of Consultant Architects and the Consultants Quantity Surveyors Association are considering a merger. | ||
| 650 | _aASSOCIATION OF CONSULTANT ARCHITECTS | ||
| 650 | _aASSOCIATION OF CONSULTING ENGINEERS | ||
| 650 | _aBRITISH CONSULTANTS BUREAU | ||
| 650 | _aCONSULTANTS QUANTITY SURVEYORS ASSOCIATION | ||
| 650 | _aCONSULTANTS | ||
| 690 | _aMANAGEMENT-BUSINESS MANAGEMENT-PROFESSIONAL PRACTICE | ||
| 942 | _n0 | ||
| 948 | _c04/03/1997 | ||
| 999 |
_c5921 _d5921 |
||